No God in Sight (Record no. 227707)
[ view plain ]
| 000 -LEADER | |
|---|---|
| fixed length control field | 01603nam a22002177a 4500 |
| 005 - DATE AND TIME OF LATEST TRANSACTION | |
| control field | 20260123161811.0 |
| 008 - FIXED-LENGTH DATA ELEMENTS--GENERAL INFORMATION | |
| fixed length control field | 230628b ||||| |||| 00| 0 eng d |
| 020 ## - INTERNATIONAL STANDARD BOOK NUMBER | |
| International Standard Book Number | 0144000601 |
| 040 ## - CATALOGING SOURCE | |
| Transcribing agency | AL |
| 041 ## - LANGUAGE CODE | |
| Language code of text/sound track or separate title | eng |
| 082 ## - DEWEY DECIMAL CLASSIFICATION NUMBER | |
| Edition number | 23 |
| Classification number | 820.33 |
| Item number | TYRN |
| 100 ## - MAIN ENTRY--PERSONAL NAME | |
| Personal name | Altaf Tyrewala |
| 100 ## - MAIN ENTRY--PERSONAL NAME | |
| 9 (RLIN) | 252460 |
| 245 ## - TITLE STATEMENT | |
| Title | No God in Sight |
| 260 ## - PUBLICATION, DISTRIBUTION, ETC. | |
| Place of publication, distribution, etc. | New Delhi |
| Name of publisher, distributor, etc. | Penguin Books |
| Date of publication, distribution, etc. | 2005 |
| 300 ## - PHYSICAL DESCRIPTION | |
| Extent | iv,171p. |
| Other physical details | PB |
| Dimensions | 19x13cm. |
| 365 ## - TRADE PRICE | |
| Source of price type code | English |
| Price amount | 195.00 |
| Currency code | ₹ |
| Unit of pricing | 195.00 |
| 520 ## - SUMMARY, ETC. | |
| Summary, etc. | A daring novel about present-day Bombay and the individual lives that spark the city’s consciousness.<br/>Fast-paced and innovative, No God in Sight captures the seething multiplicity of Bombay through first-person accounts of an abortionist, a convert, a pregnant refugee, a gangster in hiding, a butcher, and an apathetic CEO, among others.<br/>As the reader is hurtled from monologue to short story to anecdote, disparate lives collide in tantalizing ways. A family flees religious persecution in their village to take refuge in an urban slum; women walk the tightrope of free will and dormant violence; a father and son grant each other the relief of estrangement; and young men and women struggle to comprehend the consequences of sexual attraction. At the heart of the action is the city itself: a teeming, breathing, suffering Bombay that demands subservience and total surrender before it will sanction survival.<br/>Insightful, ironic, and scathingly honest, No God in Sight is a brilliant debut by a talented young writer. |
| 650 ## - SUBJECT ADDED ENTRY--TOPICAL TERM | |
| Topical term or geographic name entry element | Indian English Fiction |
| 9 (RLIN) | 125057 |
| 650 ## - SUBJECT ADDED ENTRY--TOPICAL TERM | |
| Topical term or geographic name entry element | Indian English Literature |
| 9 (RLIN) | 125058 |
| 942 ## - ADDED ENTRY ELEMENTS (KOHA) | |
| Source of classification or shelving scheme | Dewey Decimal Classification |
| Koha item type | Donated Books |
| Withdrawn status | Lost status | Source of classification or shelving scheme | Damaged status | Not for loan | Collection code | Home library | Current library | Date acquired | Total Checkouts | Full call number | Barcode | Date last seen | Price effective from | Koha item type |
|---|---|---|---|---|---|---|---|---|---|---|---|---|---|---|
| Dewey Decimal Classification | English | St Aloysius Library | St Aloysius Library | 06/23/2023 | 820.33 TYRN | D05925 | 06/28/2023 | 06/28/2023 | Donated Books |